000 01086nam a22003497a 4500
001 BR2015003621
003 BR-BrBNA
005 20230928104645.0
007 ta
008 230509b bl.||||| |||| 00| 0 por d
040 _aBR-BrBNA
_bpor
_cBiblioteca Nacional de Agricultura
041 _a(Por)
072 _aL73
_b5240
_b5250
_b4150
090 _ 5240 BR2015003621
100 1 _aBraz, G.F.
110 1 _aUniversidade Federal de Minas Gerais, Belo Horizonte (Brasil). Escola de Veterinária
_0Tese (Mestrado)
245 1 _aLentivirus de pequeno ruminantes: caracterização genética e antigênica de isolados de caprinos e ovinos do Brasil
260 3 _aBelo Horizonte, MG (Brasil):
_c2013.
300 _a79 p.
500 _aSummaries (Eng, Por); Several bibliography; 19 tables; 11 illus.
650 _aOVINO
650 _aCAPRINO
650 _aVÍRUS
650 _aINFECÇÃO
650 _aBIOLOGIA
650 _aSORO
650 _aDNA
650 _aDIAGNÓSTICO
650 _aTRANSMISSÃO DE DOENÇA
909 _a202309
_bLucia
_c55
_dLucia Elande
942 _cBK
999 _c81063
_d81063